| 000 | 00639nam a2200205 i 4500 | ||
|---|---|---|---|
| 001 | 000008293 | ||
| 005 | 20200929161325.0 | ||
| 008 | 800312t19781959mx 000 1 spa | ||
| 010 | _a79125311 | ||
| 020 | _a9681601548 | ||
| 040 |
_aDO-SdBNP _cDLC _dDLC |
||
| 050 | 0 | 0 |
_aPQ7297.D315 _bT5 1978 |
| 100 | 1 |
_aDavila, Amparo. _922440 |
|
| 245 | 1 | 0 |
_aTiempo destrozado y Musica concreta / _cAmparo Davila. |
| 260 |
_aMexico : _bFondo de Cultura Economica, _c1978, c1959. |
||
| 300 |
_a245 p. ; _c17 cm. |
||
| 490 | 0 | _aColeccion popular ; 174 | |
| 700 | 1 | 2 |
_aDavila, Amparo. _tMusica concreta. 1978. _922441 |
| 910 | _aCatalogación por copia / LC | ||
| 999 |
_c8064 _d8064 |
||